Pracovné vzťahy a kvalita pracovného života

Pracovné vzťahy ako súčasť pracovnej činnosti. Tvorba pracovných vzťahov. Vzťahy medzi pracovníkmi navzájom. Vzťahy medzi pracovníkmi a manažérmi. Vzťahy a postoje pracovníkov k vytváraniu sociálnych výhod pracovníkov. Vzťahy a postoje pracovníkov k firme. Vzťahy medzi zamestnancami a manžérmi pri u...

Ausführliche Beschreibung

Gespeichert in:
Bibliographische Detailangaben
1. Verfasser: Hasprová, Mária, 1970-
Format: Buchkapitel
Sprache:Slowakisch
Schlagworte:
Tags: Tag hinzufügen
Keine Tags, Fügen Sie das erste Tag hinzu!

MARC

LEADER 00000naa$a2200000$$$4500
001 0073985
005 20240502071858.2
041 0 |a slo 
044 |a SK 
245 1 0 |a Pracovné vzťahy a kvalita pracovného života  |c Mária Hasprová 
520 |a Pracovné vzťahy ako súčasť pracovnej činnosti. Tvorba pracovných vzťahov. Vzťahy medzi pracovníkmi navzájom. Vzťahy medzi pracovníkmi a manažérmi. Vzťahy a postoje pracovníkov k vytváraniu sociálnych výhod pracovníkov. Vzťahy a postoje pracovníkov k firme. Vzťahy medzi zamestnancami a manžérmi pri uplatňovaní motivácie v práci. Vzťahy a postoje pracovníkov k vykonanej práci. Vzťahy pracovníkov k zákazníkovi. Firemná kultúra ako prejav pracovných vzťahov. 
610 2 0 |a vzťahy pracovné 
610 2 0 |a zamestnanci 
610 2 0 |a pracovníci 
610 2 0 |a manažéri 
610 2 0 |a autorita 
610 2 0 |a práca 
610 2 0 |a motivácia 
610 2 0 |a vedenie ľudí 
610 2 0 |a kultúra podniková 
610 2 0 |a podmienky pracovné 
610 2 0 |a vzťahy medziľudské 
100 1 |a Hasprová, Mária, 1970-